<?xml version="1.0" encoding="UTF-8"?>
<record
    xmlns:xsi="http://www.w3.org/2001/XMLSchema-instance"
    xsi:schemaLocation="http://www.loc.gov/MARC21/slim http://www.loc.gov/standards/marcxml/schema/MARC21slim.xsd"
    xmlns="http://www.loc.gov/MARC21/slim">

  <leader>00606nam a22001817a 4500</leader>
  <controlfield tag="003">UA-OsUOA</controlfield>
  <controlfield tag="001"> 15958 </controlfield>
  <controlfield tag="007">ta</controlfield>
  <controlfield tag="008">20031214b un ||||| |||| 00| 0 ukr d</controlfield>
  <datafield tag="100" ind1=" " ind2=" ">
    <subfield code="a">&#x41F;&#x43E;&#x433;&#x43E;&#x43D;&#x441;&#x44C;&#x43A;&#x430; &#x412;.</subfield>
  </datafield>
  <datafield tag="942" ind1=" " ind2=" ">
    <subfield code="c">SA</subfield>
  </datafield>
  <datafield tag="040" ind1=" " ind2=" ">
    <subfield code="a">UA-OsUOA</subfield>
    <subfield code="c">UA-OsUOA</subfield>
    <subfield code="d">UA-OsUOA</subfield>
  </datafield>
  <datafield tag="245" ind1=" " ind2=" ">
    <subfield code="a">&#x421;&#x435;&#x441;&#x456;&#x44F; - &#x43D;&#x435; &#x43F;&#x440;&#x43E;&#x433;&#x443;&#x43B;&#x44F;&#x43D;&#x43A;&#x430; &#x43C;&#x456;&#x441;&#x442;&#x43E;&#x43C;, &#x430; &#x440;&#x43E;&#x431;&#x43E;&#x442;&#x430;</subfield>
    <subfield code="b">[&#x41F;&#x440;&#x43E; 15 -&#x443; &#x43F;&#x43E;&#x437;&#x430;&#x447;&#x435;&#x440;&#x433;&#x43E;&#x432;&#x443; &#x441;&#x435;&#x441;&#x456;&#x44E; &#x420;&#x456;&#x432;&#x43D;&#x435;&#x43D;. &#x43C;&#x456;&#x441;&#x44C;&#x43A;&#x440;&#x430;&#x434;&#x438;]</subfield>
  </datafield>
  <datafield tag="300" ind1=" " ind2=" ">
    <subfield code="a">&#x421;.3</subfield>
  </datafield>
  <datafield tag="955" ind1=" " ind2=" ">
    <subfield code="a">0</subfield>
  </datafield>
  <datafield tag="773" ind1="0" ind2=" ">
    <subfield code="w">0</subfield>
    <subfield code="t">&#x421;&#x456;&#x43C; &#x434;&#x43D;&#x456;&#x432;</subfield>
    <subfield code="d">&#x420;&#x456;&#x432;&#x43D;&#x435;</subfield>
    <subfield code="d">2003</subfield>
    <subfield code="g">&#x2116;46/ 14 &#x43B;&#x438;&#x441;&#x442;&#x43E;&#x43F;./</subfield>
  </datafield>
  <datafield tag="650" ind1=" " ind2="7">
    <subfield code="a">&#x41A;&#x440;&#x430;&#x454;&#x437;&#x43D;&#x430;&#x432;&#x447;&#x430; &#x440;&#x43E;&#x431;&#x43E;&#x442;&#x430;</subfield>
    <subfield code="2">UDC</subfield>
  </datafield>
  <datafield tag="999" ind1=" " ind2=" ">
    <subfield code="c">302123</subfield>
    <subfield code="d">302123</subfield>
  </datafield>
</record>
